000 00658nam a2200205Ia 4500
008 191130s1998##################000#0#eng##
020 _a9781849710503
040 _aACL
_cACL
082 _a338 RAN.11
100 _aRandel, Judith
245 _aThe reality of aid 1998-1999: an independent review of poverty reduction and development assistance
_cJudith Randel, Tony German with Deborah Ewing
260 _aLondon
_bRoutledge
_c1998
300 _ax, 260 p. ; 23 cm
650 _aProduction
700 _aEwing, Deborah
700 _aGerman, Tony
990 _a43da9c8cac10000c630ae60958819c25
991 _a161538
999 _c293355
_d293355